00406nam a22001457a 450000500170000000800410001702000220005804100120008008200280009210000170012024500560013726000470019330000090024036500110024920240216172400.0240213b |||||||| |||| 00| 0 eng d a978-93-93885-36-4 aEnglish aMS 610.73677 VEN DB1222 aVenkatesan B aB.Sc. Nursing IV Semester: Adult Health Nursing-II  bEMMESS Medical Publishersc2023aBangalore a721p b895.00